|
|
|
|
| LEADER |
00955nam a2200253 a 4500 |
| 001 |
1997156 |
| 008 |
091124s1991 caua 001 0 eng d |
| 010 |
|
|
|a 90023049
|
| 020 |
|
|
|a 1559340088 (pbk.)
|
| 040 |
|
|
|a DLC
|c DLC
|d DLC
|
| 082 |
0 |
0 |
|a 330
|2 20
|
| 100 |
1 |
|
|a Gill, Richard T.
|
| 245 |
1 |
0 |
|a Economics and the public interest /
|c Richard T. Gill.
|
| 250 |
|
|
|a 5th ed.
|
| 260 |
|
|
|a Mountain View, Calif. :
|b Mayfield Pub. Co.,
|c c1991.
|
| 300 |
|
|
|a xii, 370 p. :
|b ill. ;
|c 24 cm.
|
| 500 |
|
|
|a "Bristlecone books."
|
| 504 |
|
|
|a Includes bibliographical references and index.
|
| 541 |
1 |
|
|e 00010931
|
| 650 |
|
0 |
|a Economics.
|
| 651 |
|
0 |
|a United States
|x Economic conditions.
|
| 852 |
4 |
|
|a Ayesha Abed Library
|j General Shelf
|
| 999 |
|
|
|c 5900
|d 5900
|
| 952 |
|
|
|0 0
|1 0
|2 ddc
|4 0
|6 330_GIL_199100000000000
|7 0
|9 5886
|a BRACUL
|b BRACUL
|c GEN
|d 2009-12-06
|g 0.00
|l 1
|m 18
|o 330 GIL
|p 3010010931
|r 2017-12-05
|s 2017-05-24
|t 1
|w 2009-12-06
|y BK
|x No price found in the accession register.
|